The dude ranch mystery.

The capture of a handsome wild stallion brings answers to teen-age Sherry about the disappearance of a family friend and the motives of the man who took over his ranch.

Saved in:
Bibliographic Details
Main Author: Wagner, Sharon
Format: Book
Language:English
Published: New York, D. McKay Co. [1969]
Subjects:
LEADER 00984nam a2200241 4500
001 c000073079
003 CARM
005 00000000000000.0
008 690515s1969 nyu j 00001 eng
019 1 |a 32896  |5 LACONCORD2021 
035 |a (OCoLC)4907  |5 LACONCORD2021 
050 0 0 |a PZ7.W1247  |b Du 
100 1 |a Wagner, Sharon. 
245 1 4 |a The dude ranch mystery.  |c Decoration by Tom Goddard. 
260 |a New York,  |b D. McKay Co.  |c [1969] 
300 |a 213 p.  |c 21 cm. 
520 |a The capture of a handsome wild stallion brings answers to teen-age Sherry about the disappearance of a family friend and the motives of the man who took over his ranch. 
650 1 |a Ranch life  |x Fiction. 
650 1 |a Mystery and detective stories 
852 8 |b CARM  |h A2:AG33B0  |i B02852  |p 0135088  |f BK 
082 0 4 |a [Fic] 
999 f f |i b462f656-1736-5ea8-8815-7f7ee07b7521  |s c7480e57-c526-54db-8ad0-e7323f5faa76 
952 f f |p Can circulate  |a CAVAL  |b CAVAL  |c CAVAL  |d CARM 1 Store  |e B02852  |f A2:AG33B0  |h Other scheme  |i book  |m 0135088